Theodore Rex / (Record no. 616853)

000 -LEADER
fixed length control field 00362nam a22001337a 4500
020 ## - INTERNATIONAL STANDARD BOOK NUMBER
Qualifying information PB.
040 ## - CATALOGING SOURCE
Transcribing agency FIZZA ISHAQ
082 ## - DEWEY DECIMAL CLASSIFICATION NUMBER
Classification number 973.911
Author Mark MOR
100 ## - MAIN ENTRY--PERSONAL NAME
Personal name Morris , Edmund.
9 (RLIN) 133891
245 ## - TITLE STATEMENT
Title Theodore Rex /
Statement of responsibility, etc. Edmund Morris.
260 ## - PUBLICATION, DISTRIBUTION, ETC.
Place of publication, distribution, etc. New York:
Name of publisher, distributor, etc. Modern Library Paperbacks,
Date of publication, distribution, etc. 2001.
300 ## - PHYSICAL DESCRIPTION
Extent 772 P. ;
Dimensions ‎ 5.21 x 1.3 x 8 inches
942 ## - ADDED ENTRY ELEMENTS (KOHA)
Source of classification or shelving scheme
Koha item type Book
Holdings
Withdrawn status Lost status Source of classification or shelving scheme Damaged status Not for loan Permanent Location Current Location Shelving location Date acquired Total Checkouts Full call number Barcode Date last seen Price effective from Koha item type
          NUST Baluchistan Campus (NBC) NUST Baluchistan Campus (NBC) General Stacks 04/06/2026   973.911 MOR QD-567 04/06/2026 04/06/2026 Book
© 2023 Central Library, National University of Sciences and Technology. All Rights Reserved.